EVALUATION OF COST EFFECTIVENESS IN HEALTH CARE

Bibliographic Details
Main Author: Maaytová, Alena (Author)
Format: Article
Language:English

MARC

LEADER 00000nab a2200000ua 4500
001 vtls010838482
003 SK-MaSNL
005 20260303103521.0
008 230121s2011 xo |||||||||||||||||eng|
035 |a (urnnbn)urn:nbn:sk:snk:ar-a06vmw 
035 |a urn:nbn:sk:snk-ab61q6 
035 |a (uuid)380bfebf-c427-4dfd-8204-ab6eabd1ccab 
040 |a SNKBUCL  |b slo  |c SNKBUCL  |e AACR2 
041 0 |a eng 
044 |a xo  |c SK 
100 1 |a Maaytová, Alena  |4 aut  |9 481583 
245 1 0 |a EVALUATION OF COST EFFECTIVENESS IN HEALTH CARE  |c Alena Maaytová 
773 0 |t Acta Aerarii Publici : vedecký časopis Ekonomickej fakulty Univerzity Mateja Bela v Banskej Bystrici  |g Roč. 8, č. 2 (2011), s. 5-16 
954 |a odborná, vedecká literatúra cudzojazyčná (svetová)  |2 lita 
958 |a OND 
958 |a EUIPO 
958 |a article5 
999 |c 1850137  |d 1852067